[Event "Golden Rook op 56th"]
[Site "Chotowa"]
[Date "2014.06.13"]
[Round "9"]
[White "Lis, Marek"]
[Black "Banasik, Krzysztof"]
[Result "1/2-1/2"]
[WhiteElo "2123"]
[BlackElo "2292"]
[PlyCount "62"]
[EventDate "2014.06.08"]
[EventType "team-swiss"]
[EventRounds "9"]
[EventCountry "POL"]
[SourceTitle "EXT 2015"]
[Source "ChessBase"]
[SourceDate "2014.11.20"]
[SourceVersion "1"]
[SourceVersionDate "2014.11.20"]
[SourceQuality "1"]

1. e4 d6 2. Nc3 Nf6 3. d4 e5 4. dxe5 dxe5 5. Qxd8+ Kxd8 6. Nf3 Bd6 7. Bg5 Be6 8. Bxf6+ gxf6 9. Be2 a6 10. 0-0-0 Nd7 11. a3 Rg8 12. Rhg1 b5 13. Nd5 f5 14. Nc3 fxe4 15. Nxe4 Ke7 16. Nfg5 f5 17. Nxd6 cxd6 18. Nxe6 Kxe6 19. Kb1 Nb6 20. g3 Rac8 21. Rd2 Nc4 22. Bxc4+ Rxc4 23. b3 Rc6 24. Rgd1 h5 25. h4 Rg4 26. Kb2 Rg8 27. Rd3 Rg4 28. R1d2 Rg8 29. Rd1 Rg4 30. R1d2 Rg8 31. Rd1 Rg4 1/2-1/2

[Event "Golden Rook op 56th"]
[Site "Chotowa"]
[Date "2014.06.12"]
[Round "8"]
[White "Karwowski, Kacper"]
[Black "Lis, Marek"]
[Result "1-0"]
[WhiteElo "1937"]
[BlackElo "2123"]
[PlyCount "57"]
[EventDate "2014.06.08"]
[EventType "team-swiss"]
[EventRounds "9"]
[EventCountry "POL"]
[SourceTitle "EXT 2015"]
[Source "ChessBase"]
[SourceDate "2014.11.20"]
[SourceVersion "1"]
[SourceVersionDate "2014.11.20"]
[SourceQuality "1"]

1. e4 c5 2. c3 d6 3. d4 Nf6 4. Bd3 cxd4 5. cxd4 g6 6. Nc3 Bg7 7. Nge2 0-0 8. 0-0 e5 9. Bg5 h6 10. Bxf6 Bxf6 11. dxe5 dxe5 12. Nd5 Nc6 13. Nxf6+ Qxf6 14. Qd2 Kh7 15. Rac1 Be6 16. Bc4 Rfd8 17. Qe3 Rac8 18. Bxe6 Qxe6 19. Nc3 Nd4 20. b3 Qa6 21. g3 Rc6 22. Kg2 Ne6 23. Nd5 Rxc1 24. Rxc1 Qxa2 25. Nf6+ Kg7 26. Ng4 g5 27. Qf3 Nf4+ 28. gxf4 gxf4 29. Nxe5 1-0

[Event "Golden Rook op 56th"]
[Site "Chotowa"]
[Date "2014.06.10"]
[Round "3"]
[White "Lis, Marek"]
[Black "Lewtak, Damian"]
[Result "0-1"]
[WhiteElo "2123"]
[BlackElo "2320"]
[PlyCount "48"]
[EventDate "2014.06.08"]
[EventType "team-swiss"]
[EventRounds "9"]
[EventCountry "POL"]
[SourceTitle "EXT 2015"]
[Source "ChessBase"]
[SourceDate "2014.11.20"]
[SourceVersion "1"]
[SourceVersionDate "2014.11.20"]
[SourceQuality "1"]

1. e4 c5 2. Nf3 Nf6 3. Nc3 Nc6 4. d4 d5 5. exd5 Nxd5 6. Bc4 Nxc3 7. bxc3 e6 8. 0-0 Be7 9. Be3 0-0 10. Qd3 h6 11. Rfd1 Na5 12. dxc5 Qc7 13. Qe4 Bxc5 14. Bf4 Bxf2+ 15. Kxf2 Qxc4 16. Qxc4 Nxc4 17. Rd4 Nb6 18. Rad1 f6 19. Bd6 Re8 20. Bc5 e5 21. Rd8 Bf5 22. Rxe8+ Rxe8 23. Ne1 Rc8 24. Bb4 Na4 0-1

[Event "POL-chT2"]
[Site "Poronin"]
[Date "2013.09.14"]
[Round "8.58"]
[White "Lis, Marek"]
[Black "Siedlinski, Piotr"]
[Result "1-0"]
[WhiteElo "2151"]
[BlackElo "2092"]
[PlyCount "101"]
[EventDate "2013.09.06"]
[EventType "team-swiss"]
[EventRounds "9"]
[EventCountry "POL"]
[SourceTitle "EXT 2015"]
[Source "ChessBase"]
[SourceDate "2014.11.20"]
[SourceVersion "1"]
[SourceVersionDate "2014.11.20"]
[SourceQuality "1"]
[WhiteTeam "Czarna LKSz GCKiP"]
[BlackTeam "Jaworzno JKSz MCKiS"]
[WhiteTeamCountry "POL"]
[BlackTeamCountry "POL"]

1. e4 e5 2. Nc3 Nf6 3. Bc4 Nc6 4. d3 Bb4 5. Bg5 h6 6. Bh4 Bxc3+ 7. bxc3 Na5 8. Bb3 Nxb3 9. axb3 d6 10. Ne2 g5 11. Bg3 Nh5 12. d4 Nf4 13. Bxf4 gxf4 14. dxe5 dxe5 15. Qxd8+ Kxd8 16. g3 fxg3 17. hxg3 Ke7 18. Rh4 a5 19. Kd2 b5 20. Nc1 a4 21. Nd3 f6 22. Rah1 Be6 23. b4 a3 24. Kc1 Kf7 25. f4 exf4 26. gxf4 Ra6 27. Nc5 Rd6 28. Nxe6 Rxe6 29. Kb1 Rc6 30. R1h3 Rc4 31. Re3 h5 32. Ka2 c5 33. bxc5 Rc8 34. Rxh5 R4xc5 35. Rxc5 Rxc5 36. Kxa3 Rc4 37. Kb3 Ra4 38. Kb2 Rc4 39. Re2 Rc5 40. Rd2 Rh5 41. Kb3 Rh4 42. Rf2 Rh3 43. Kb4 Re3 44. Kxb5 Rxc3 45. Re2 f5 46. Kb4 Rf3 47. exf5 Kf6 48. c4 Rxf4 49. Kb5 Rf1 50. c5 Rc1 51. Kc6 1-0

[Event "POL-chT2"]
[Site "Poronin"]
[Date "2013.09.13"]
[Round "7.52"]
[White "Zaskalski, Arkadiusz"]
[Black "Lis, Marek"]
[Result "1-0"]
[WhiteElo "2220"]
[BlackElo "2151"]
[PlyCount "51"]
[EventDate "2013.09.06"]
[EventType "team-swiss"]
[EventRounds "9"]
[EventCountry "POL"]
[SourceTitle "EXT 2015"]
[Source "ChessBase"]
[SourceDate "2014.11.20"]
[SourceVersion "1"]
[SourceVersionDate "2014.11.20"]
[SourceQuality "1"]
[WhiteTeam "Pilzno GKSz Hetman"]
[BlackTeam "Czarna LKSz GCKiP"]
[WhiteTeamCountry "POL"]
[BlackTeamCountry "POL"]

1. Nf3 d6 2. d4 Nd7 3. c4 e5 4. Nc3 Ngf6 5. g3 Be7 6. Bg2 0-0 7. 0-0 c6 8. e4 Qc7 9. h3 a6 10. Be3 b5 11. cxb5 axb5 12. a3 Qb8 13. Qc2 Re8 14. Rfc1 Bf8 15. Bf1 b4 16. axb4 Rxa1 17. Rxa1 Qxb4 18. Ra7 Qb8 19. dxe5 Nxe5 20. Nxe5 Rxe5 21. Bg2 d5 22. Ra4 Rh5 23. exd5 cxd5 24. Bf4 Bd6 25. Bxd6 Qxd6 26. Nxd5 1-0

[Event "POL-chT2"]
[Site "Poronin"]
[Date "2013.09.12"]
[Round "6.52"]
[White "Lis, Marek"]
[Black "Malecki, Rafal"]
[Result "0-1"]
[WhiteElo "2151"]
[BlackElo "2112"]
[PlyCount "64"]
[EventDate "2013.09.06"]
[EventType "team-swiss"]
[EventRounds "9"]
[EventCountry "POL"]
[SourceTitle "EXT 2015"]
[Source "ChessBase"]
[SourceDate "2014.11.20"]
[SourceVersion "1"]
[SourceVersionDate "2014.11.20"]
[SourceQuality "1"]
[WhiteTeam "Czarna LKSz GCKiP"]
[BlackTeam "Chroscice LZS Victoria"]
[WhiteTeamCountry "POL"]
[BlackTeamCountry "POL"]

1. e4 d6 2. d4 Nc6 3. d5 Nb8 4. c4 Nf6 5. Nc3 g6 6. Bg5 Bg7 7. Qd2 c6 8. Bd3 Nbd7 9. Nge2 0-0 10. Bc2 a6 11. a4 a5 12. f3 Ne5 13. b3 Qc7 14. Nd4 Re8 15. 0-0 e6 16. dxe6 fxe6 17. Kh1 Nf7 18. Bh4 e5 19. Nde2 Bh6 20. Qd3 Nh5 21. g4 Nf4 22. Nxf4 Bxf4 23. Ne2 Bh6 24. Bg3 Qb6 25. h4 Be3 26. Kg2 Be6 27. g5 Rad8 28. Nc3 Rf8 29. Rae1 Bc5 30. h5 Nxg5 31. Bh4 Bh3+ 32. Kg3 Bxf1 0-1

[Event "POL-chT2"]
[Site "Poronin"]
[Date "2013.09.08"]
[Round "2.52"]
[White "Zurkowski, Andrzej"]
[Black "Lis, Marek"]
[Result "1-0"]
[WhiteElo "2003"]
[BlackElo "2151"]
[PlyCount "55"]
[EventDate "2013.09.06"]
[EventType "team-swiss"]
[EventRounds "9"]
[EventCountry "POL"]
[SourceTitle "EXT 2015"]
[Source "ChessBase"]
[SourceDate "2014.11.20"]
[SourceVersion "1"]
[SourceVersionDate "2014.11.20"]
[SourceQuality "1"]
[WhiteTeam "Debica Gryf"]
[BlackTeam "Czarna LKSz GCKiP"]
[WhiteTeamCountry "POL"]
[BlackTeamCountry "POL"]

1. d4 c5 2. d5 f5 3. Nc3 g6 4. e4 fxe4 5. Nxe4 Bg7 6. Nf3 Nf6 7. Ng3 Na6 8. h4 Qa5+ 9. Bd2 Qb6 10. Bc3 Nc7 11. Bc4 Nb5 12. Bxb5 Qxb5 13. Qd2 b6 14. h5 Bb7 15. h6 Bf8 16. Ng5 Qc4 17. Bxf6 exf6 18. Qe3+ Be7 19. d6 0-0-0 20. dxe7 Rde8 21. N5e4 Qe6 22. 0-0-0 d5 23. Nc3 Qxe3+ 24. fxe3 Rxe7 25. Nxd5 Bxd5 26. Rxd5 Rxe3 27. Rd3 Rhe8 28. Kd2 1-0

[Event "Ogolnopolski-ch 55th"]
[Site "Zamosc"]
[Date "2013.??.??"]
[Round "4"]
[White "Lis, Marek"]
[Black "Banasik, Krzysztof"]
[Result "1/2-1/2"]
[WhiteElo "2133"]
[BlackElo "2293"]
[PlyCount "86"]
[EventDate "2013.06.07"]
[EventType "swiss"]
[EventRounds "9"]
[EventCountry "POL"]
[SourceTitle "EXT 2014"]
[Source "ChessBase"]
[SourceDate "2013.11.20"]
[SourceVersion "1"]
[SourceVersionDate "2013.11.20"]
[SourceQuality "1"]

1. e4 e6 2. d4 d5 3. e5 c5 4. c3 b6 5. Bb5+ Bd7 6. Bd3 Nc6 7. Nf3 Rc8 8. a3 a5 9. 0-0 Nge7 10. Bf4 Ng6 11. Be3 Be7 12. Nbd2 c4 13. Bb1 b5 14. g3 b4 15. axb4 axb4 16. h4 Ra8 17. Rxa8 Qxa8 18. h5 Nf8 19. h6 gxh6 20. Bc2 Ng6 21. Bxh6 Qa2 22. Qa1 Qxa1 23. Rxa1 f5 24. exf6 Bxf6 25. Ra8+ Kf7 26. Rxh8 Bxh8 27. Ng5+ Kg8 28. Ba4 bxc3 29. bxc3 e5 30. Nxc4 exd4 31. Nb6 Be8 32. Bb3 Be5 33. Nxd5 Kh8 34. f4 dxc3 35. fxe5 Nd4 36. e6 Nxb3 37. Nxc3 Nd4 38. Nd5 Nf5 39. Nf6 Nxh6 40. Nxe8 Nf5 41. Kf2 Kg8 42. g4 Ng7 43. Nd6 h6 1/2-1/2

[Event "Ogolnopolski-ch 55th"]
[Site "Zamosc"]
[Date "2013.??.??"]
[Round "7"]
[White "Lis, Marek"]
[Black "Bartel, Michal"]
[Result "1/2-1/2"]
[WhiteElo "2133"]
[BlackElo "2273"]
[PlyCount "138"]
[EventDate "2013.06.07"]
[EventType "swiss"]
[EventRounds "9"]
[EventCountry "POL"]
[SourceTitle "EXT 2014"]
[Source "ChessBase"]
[SourceDate "2013.11.20"]
[SourceVersion "1"]
[SourceVersionDate "2013.11.20"]
[SourceQuality "1"]

1. e4 g6 2. d4 Bg7 3. Nc3 d5 4. exd5 Nf6 5. Nf3 Nxd5 6. Bc4 Be6 7. Bb3 Nxc3 8. bxc3 Bxb3 9. axb3 c5 10. 0-0 Nc6 11. Ra4 cxd4 12. cxd4 b5 13. Ra6 Nxd4 14. Nxd4 Qxd4 15. Be3 Qxd1 16. Rxd1 0-0 17. Rxa7 Rxa7 18. Bxa7 Rc8 19. Kf1 b4 20. Bb6 Rxc2 21. Rd8+ Bf8 22. Ba5 f5 23. Bxb4 Kf7 24. Be1 Rb2 25. Rb8 Bg7 26. b4 Bd4 27. Rd8 Bb6 28. Rh8 h5 29. Rh7+ Kf8 30. Rh8+ Kf7 31. f4 Be3 32. Rh7+ Ke6 33. Bh4 Bxf4 34. Rxe7+ Kd5 35. Rg7 Bxh2 36. Be7 Bg3 37. Rxg6 Rf2+ 38. Kg1 h4 39. Bxh4 Bxh4 40. g3 Bxg3 41. Rxg3 Rb2 42. Rg2 Rxb4 43. Re2 Re4 44. Rf2 Ke5 45. Ra2 Re3 46. Kf2 Rb3 47. Ra5+ Kf4 48. Ra4+ Kg5 49. Ra5 Kg4 50. Ra4+ f4 51. Ra2 Rh3 52. Ra8 Rh2+ 53. Kg1 Rb2 54. Ra3 Rb8 55. Kf2 Rb4 56. Kg2 Rc4 57. Kf2 Re4 58. Rb3 Re8 59. Ra3 Rb8 60. Kg2 Rb2+ 61. Kf1 Rh2 62. Kg1 Rh3 63. Rxh3 Kxh3 64. Kf2 Kg4 65. Kg2 f3+ 66. Kf2 Kf4 67. Kf1 Ke3 68. Ke1 f2+ 69. Kf1 Kf3 1/2-1/2

[Event "EU-ch U18"]
[Site "Prague"]
[Date "2012.08.23"]
[Round "7"]
[White "Pop, Alexandru"]
[Black "Lis, Marek"]
[Result "0-1"]
[WhiteElo "2271"]
[BlackElo "2162"]
[PlyCount "68"]
[EventDate "2012.08.17"]
[EventType "swiss"]
[EventRounds "9"]
[EventCountry "CZE"]
[SourceTitle "CBM 150 Extra"]
[Source "ChessBase"]
[SourceDate "2012.10.19"]
[SourceVersion "1"]
[SourceVersionDate "2012.10.19"]
[SourceQuality "1"]

1. Nf3 Nc6 2. d4 e6 3. g3 Nf6 4. Bg2 d5 5. 0-0 h6 6. c4 Bd6 7. Nc3 0-0 8. b3 Na5 9. cxd5 exd5 10. Nb5 Bf5 11. Nxd6 cxd6 12. Bd2 Ne4 13. Rc1 Qb6 14. e3 Rac8 15. Qe2 Rc6 16. Rfd1 Rfc8 17. Rxc6 bxc6 18. Rc1 c5 19. Nh4 Be6 20. Bxe4 dxe4 21. dxc5 dxc5 22. Ng2 c4 23. Bxa5 Qxa5 24. bxc4 Qa3 25. Rc2 Qb4 26. Nf4 Bxc4 27. Qd1 Rb8 28. Qc1 Ba6 29. Nd5 Qb1 30. h4 Bd3 31. Rc8+ Kh7 32. Kg2 Rxc8 33. Qxc8 Qf1+ 34. Kh2 Qxf2+ 0-1

[Event "EU-ch U18"]
[Site "Prague"]
[Date "2012.08.22"]
[Round "6"]
[White "Lis, Marek"]
[Black "Nikologorskiy, Konstantin"]
[Result "1/2-1/2"]
[WhiteElo "2162"]
[BlackElo "2400"]
[PlyCount "90"]
[EventDate "2012.08.17"]
[EventType "swiss"]
[EventRounds "9"]
[EventCountry "CZE"]
[SourceTitle "CBM 150 Extra"]
[Source "ChessBase"]
[SourceDate "2012.10.19"]
[SourceVersion "1"]
[SourceVersionDate "2012.10.19"]
[SourceQuality "1"]

1. e4 c5 2. Nf3 d6 3. d4 cxd4 4. Qxd4 a6 5. Be3 Nf6 6. Nc3 Nc6 7. Qb6 Qxb6 8. Bxb6 g6 9. Nd2 Bh6 10. 0-0-0 0-0 11. f3 Be6 12. Kb1 Nd7 13. Bf2 b5 14. Nb3 Rfc8 15. Be2 Bc4 16. Rhe1 Kf8 17. Nd5 Rab8 18. Be3 Bg7 19. Rd2 Bxe2 20. Rdxe2 a5 21. Rd1 b4 22. Nd4 Nce5 23. Bg5 f6 24. Bc1 Kf7 25. f4 Nc6 26. f5 Nxd4 27. Rxd4 Rb5 28. Bd2 Ne5 29. c3 b3 30. axb3 Rxb3 31. Ka2 Rb5 32. Bf4 Nc6 33. Rd1 a4 34. g4 Na5 35. Rd4 Nc4 36. Ne3 Nb6 37. Nd5 Nxd5 38. exd5 gxf5 39. gxf5 a3 40. c4 Rxb2+ 41. Rxb2 axb2 42. Kxb2 Rg8 43. Rd3 h5 44. Rh3 Rh8 45. Kc3 Bf8 1/2-1/2

[Event "Augustow Golden Rook op 53rd"]
[Site "Augustow"]
[Date "2011.06.02"]
[Round "8.3"]
[White "Lis, Marek"]
[Black "Wojtowicz, Dawid"]
[Result "1-0"]
[WhiteElo "2116"]
[BlackElo "1729"]
[PlyCount "97"]
[EventDate "2011.05.29"]
[EventType "team-swiss"]
[EventRounds "9"]
[EventCountry "POL"]
[SourceTitle "EXT 2023"]
[Source "ChessBase"]
[SourceDate "2022.10.05"]
[SourceVersion "1"]
[SourceVersionDate "2022.10.05"]
[SourceQuality "1"]
[WhiteTeam "Czarna LKSz. GCKiP 1"]
[BlackTeam "Stara Wies Parnas"]
[WhiteTeamCountry "POL"]
[BlackTeamCountry "POL"]

1. e4 e5 2. Nc3 Nc6 3. g3 Nf6 4. Bg2 Bc5 5. Nge2 a6 6. 0-0 d6 7. d3 Bg4 8. h3 Bh5 9. Qe1 Nb4 10. Qd2 Qd7 11. a3 Nc6 12. b4 Bb6 13. Kh2 Bxe2 14. Nxe2 0-0 15. Bb2 Ne8 16. f4 Nf6 17. c4 Rfe8 18. g4 Qd8 19. g5 Nd7 20. h4 Nf8 21. Bh3 Ne6 22. Bxe6 fxe6 23. fxe5 Nxe5 24. Qf4 Rf8 25. Qg3 Rxf1 26. Rxf1 c5 27. bxc5 Bxc5 28. d4 Nxc4 29. dxc5 Nxb2 30. Qb3 dxc5 31. Qxb2 Qd6+ 32. Ng3 b5 33. a4 b4 34. Qb3 Rd8 35. Qc4 Rf8 36. Rf5 Rc8 37. Kh3 g6 38. Rf6 Re8 39. a5 Kg7 40. h5 Re7 41. Qf1 Qd8 42. h6+ Kg8 43. Qxa6 Qd7 44. Qb6 Qc7 45. Qa6 Re8 46. Qc4 Qe5 47. Kh4 Qd4 48. Qb5 Rf8 49. Qb7 1-0

[Event "POL-ch U18"]
[Site "Murzasichle"]
[Date "2011.03.10"]
[Round "7"]
[White "Barski, Radoslaw"]
[Black "Lis, Marek"]
[Result "0-1"]
[WhiteElo "2311"]
[BlackElo "2104"]
[PlyCount "94"]
[EventDate "2011.03.05"]
[EventType "swiss"]
[EventRounds "9"]
[EventCountry "POL"]
[SourceTitle "EXT 2012"]
[Source "ChessBase"]
[SourceDate "2011.11.24"]
[SourceVersion "1"]
[SourceVersionDate "2011.11.24"]
[SourceQuality "1"]

1. d4 Nf6 2. c4 b6 3. Nc3 Bb7 4. f3 e6 5. e4 Be7 6. Be3 0-0 7. Bd3 d5 8. cxd5 exd5 9. e5 Nfd7 10. f4 c5 11. Qg4 cxd4 12. Bxd4 Nc5 13. Bc2 Nc6 14. Nf3 Nb4 15. 0-0-0 Nxc2 16. Kxc2 f5 17. Qh3 Ne6 18. g3 Qd7 19. Kb1 b5 20. Ne2 b4 21. Rhg1 Ba6 22. Nc1 Rac8 23. Be3 Qa4 24. Qg2 b3 25. Nxb3 Qe4+ 26. Ka1 Qxe3 27. Nfd4 Nxd4 28. Nxd4 Qe4 29. Qh3 Be2 30. Nxe2 Qxe2 31. Rge1 Qc4 32. Qg2 d4 33. a3 d3 34. Re3 Rfd8 35. Qd2 Kf7 36. Rxd3 Rxd3 37. Qxd3 Qxd3 38. Rxd3 Ke6 39. Kb1 Rc7 40. Rb3 Kd5 41. Rb5+ Ke4 42. b4 g6 43. Kb2 g5 44. fxg5 Bxg5 45. a4 Re7 46. h4 Be3 47. Kb3 Bf2 0-1

[Event "POL-chT U19 1st League"]
[Site "Ustron"]
[Date "2011.??.??"]
[Round "2.13"]
[White "Lis, Marek"]
[Black "Borawski, Jakub"]
[Result "1-0"]
[WhiteElo "2116"]
[BlackElo "1899"]
[PlyCount "80"]
[EventDate "2011.06.24"]
[EventType "team-tourn"]
[EventRounds "9"]
[EventCountry "POL"]
[SourceTitle "EXT 2015"]
[Source "ChessBase"]
[SourceDate "2014.11.20"]
[SourceVersion "1"]
[SourceVersionDate "2014.11.20"]
[SourceQuality "1"]
[WhiteTeam "Czarna LKSz GCKiP U19"]
[BlackTeam "Bialystok MUKS Stoczek 45 U19"]
[WhiteTeamCountry "POL"]
[BlackTeamCountry "POL"]

1. e4 e5 2. Nc3 Nf6 3. Bc4 Bc5 4. d3 d6 5. f4 c6 6. Nf3 Bg4 7. fxe5 dxe5 8. Bxf7+ Ke7 9. Bb3 Nbd7 10. Qe2 b5 11. Be3 Qb6 12. Bxc5+ Nxc5 13. Qf2 Ncd7 14. 0-0 Bxf3 15. Qxb6 axb6 16. Rxf3 Nc5 17. Raf1 b4 18. Nd1 Nxb3 19. axb3 Rhf8 20. Ne3 Ke6 21. g4 Nd7 22. Rxf8 Nxf8 23. Kf2 Ng6 24. Nf5 Ra7 25. Ke3 c5 26. c3 bxc3 27. bxc3 Nf4 28. d4 g5 29. Rf2 Ra3 30. Rb2 c4 31. d5+ Kd7 32. bxc4 Rxc3+ 33. Kf2 Rxc4 34. Rxb6 Rxe4 35. Rb7+ Kd8 36. d6 Re2+ 37. Kf3 Rxh2 38. Ne7 Ne6 39. Nc6+ Kc8 40. Re7 Nc5 1-0

[Event "POL-chT U19 1st League"]
[Site "Ustron"]
[Date "2011.??.??"]
[Round "7.25"]
[White "Lis, Marek"]
[Black "Swiech, Przemyslaw"]
[Result "1-0"]
[WhiteElo "2116"]
[BlackElo "2219"]
[PlyCount "57"]
[EventDate "2011.06.24"]
[EventType "team-tourn"]
[EventRounds "9"]
[EventCountry "POL"]
[SourceTitle "EXT 2015"]
[Source "ChessBase"]
[SourceDate "2014.11.20"]
[SourceVersion "1"]
[SourceVersionDate "2014.11.20"]
[SourceQuality "1"]
[WhiteTeam "Czarna LKSz GCKiP U19"]
[BlackTeam "Krakow KKSz 1893"]
[WhiteTeamCountry "POL"]
[BlackTeamCountry "POL"]

1. e4 c5 2. Nf3 Nc6 3. Nc3 e5 4. Bc4 Be7 5. 0-0 Nf6 6. d3 0-0 7. Ne1 d6 8. f4 Bg4 9. Nf3 exf4 10. Bxf4 Nd7 11. Qd2 Bxf3 12. gxf3 Nde5 13. Bb3 Nd4 14. Qg2 b5 15. Nd5 Kh8 16. Kh1 Ng6 17. Be3 Nxb3 18. axb3 f5 19. Rg1 Rf7 20. Qh3 Ne5 21. exf5 a5 22. Nf4 Qd7 23. Ne6 Qb7 24. Rg3 a4 25. Rag1 Bf6 26. Qh5 Qc8 27. Nf4 Qe8 28. Ng6+ Kg8 29. Qxh7+ 1-0

[Event "POL-chT U19 1st League"]
[Site "Ustron"]
[Date "2011.??.??"]
[Round "4.7"]
[White "Lis, Marek"]
[Black "Zmarzly, Aleksandra"]
[Result "1-0"]
[WhiteElo "2116"]
[BlackElo "2091"]
[PlyCount "93"]
[EventDate "2011.06.24"]
[EventType "team-tourn"]
[EventRounds "9"]
[EventCountry "POL"]
[SourceTitle "EXT 2015"]
[Source "ChessBase"]
[SourceDate "2014.11.20"]
[SourceVersion "1"]
[SourceVersionDate "2014.11.20"]
[SourceQuality "1"]
[WhiteTeam "Czarna LKSz GCKiP U19"]
[BlackTeam "Legnica Miedz U19"]
[WhiteTeamCountry "POL"]
[BlackTeamCountry "POL"]

1. e4 e6 2. d3 d5 3. Nd2 Nf6 4. Ngf3 c5 5. g3 Nc6 6. Bg2 Be7 7. 0-0 b5 8. e5 Nd7 9. Re1 Bb7 10. Nf1 Qc7 11. Qe2 h6 12. h4 Rg8 13. N1h2 0-0-0 14. Bd2 Nb6 15. a3 Kb8 16. b3 d4 17. c4 dxc3 18. Bxc3 Nd5 19. Bb2 g5 20. hxg5 hxg5 21. Ng4 Qb6 22. Rac1 Rc8 23. Red1 Nd4 24. Nxd4 cxd4 25. b4 Rh8 26. Qd2 Rcg8 27. Be4 f5 28. exf6 Nxf6 29. Nxf6 Bxf6 30. Qe2 g4 31. Kg2 Rg7 32. Rh1 Rf8 33. Rh5 Be7 34. Rc2 Bd6 35. Bc1 Rfg8 36. Kg1 Re7 37. Bg5 Rc7 38. Rxc7 Bxc7 39. Qxg4 e5 40. Qf5 Qa6 41. Rh6 Bxe4 42. Qxe4 Qa4 43. Qd5 Rf8 44. Kg2 a6 45. Qc5 Rc8 46. Rc6 Qxb4 47. axb4 1-0

[Event "POL-chT U19 1st League"]
[Site "Ustron"]
[Date "2011.??.??"]
[Round "1.13"]
[White "Stankiewicz, Pawel"]
[Black "Lis, Marek"]
[Result "0-1"]
[WhiteElo "2096"]
[BlackElo "2116"]
[PlyCount "62"]
[EventDate "2011.06.24"]
[EventType "team-tourn"]
[EventRounds "9"]
[EventCountry "POL"]
[SourceTitle "EXT 2015"]
[Source "ChessBase"]
[SourceDate "2014.11.20"]
[SourceVersion "1"]
[SourceVersionDate "2014.11.20"]
[SourceQuality "1"]
[WhiteTeam "Wroclaw KS Polonia U19 II"]
[BlackTeam "Czarna LKSz GCKiP U19"]
[WhiteTeamCountry "POL"]
[BlackTeamCountry "POL"]

1. e4 c5 2. Nf3 d6 3. d4 cxd4 4. Nxd4 Nf6 5. Nc3 a6 6. Bg5 e6 7. f4 Qc7 8. Qf3 b5 9. 0-0-0 b4 10. Nce2 Nbd7 11. g4 Bb7 12. Ng3 Rc8 13. Bd3 Be7 14. Kb1 Nc5 15. Nb3 Na4 16. Rhe1 0-0 17. Qe2 h6 18. Bxf6 Bxf6 19. e5 dxe5 20. g5 e4 21. gxf6 exd3 22. Rxd3 g6 23. f5 Kh7 24. Nd4 exf5 25. Ngxf5 gxf5 26. Nxf5 Be4 27. Ne7 Bg6 28. Qd2 Rfe8 29. Rh3 Qxc2+ 30. Qxc2 Rxc2 31. Ka1 Rxb2 0-1

[Event "POL-chT 2st League"]
[Site "Mrzezyno"]
[Date "2010.09.10"]
[Round "7.65"]
[White "Sapeta, Robert"]
[Black "Lis, Marek"]
[Result "1-0"]
[WhiteElo "2098"]
[BlackElo "2085"]
[PlyCount "101"]
[EventDate "2010.09.04"]
[EventType "team-swiss"]
[EventRounds "9"]
[EventCountry "POL"]
[SourceTitle "EXT 2019"]
[Source "ChessBase"]
[SourceDate "2018.10.10"]
[SourceVersion "1"]
[SourceVersionDate "2018.10.10"]
[SourceQuality "1"]
[WhiteTeam "Pawlowice GKS Pniowek 74"]
[BlackTeam "Czarna LKSz GCKiP"]
[WhiteTeamCountry "POL"]
[BlackTeamCountry "POL"]

1. e4 c5 2. c3 d6 3. Nf3 Nf6 4. Bd3 g6 5. 0-0 Bg7 6. Re1 0-0 7. h3 Nc6 8. Bc2 e5 9. Na3 Ne8 10. Bb3 Nc7 11. d3 h6 12. Be3 Ne6 13. Qd2 Kh7 14. Bxe6 Bxe6 15. d4 cxd4 16. cxd4 Ne7 17. Nh2 f5 18. d5 Bc8 19. f3 g5 20. g4 fxe4 21. fxe4 Ng6 22. Nc4 Nf4 23. Bxf4 gxf4 24. Rac1 b5 25. Na5 f3 26. Rf1 Qh4 27. Rxf3 Rxf3 28. Nxf3 Qxh3 29. Qg2 Qxg4 30. Rc7 h5 31. Nc6 a6 32. Ne7 Qxg2+ 33. Kxg2 Bg4 34. Ng5+ Kh6 35. Nf7+ Kh7 36. Nxd6 Bf8 37. Nc6+ Kg6 38. Nf7 Bg7 39. Nfxe5+ Bxe5 40. Nxe5+ Kg5 41. Nxg4 hxg4 42. e5 Rd8 43. d6 Kf4 44. Re7 Rc8 45. Rc7 Re8 46. Re7 Rc8 47. d7 Rc2+ 48. Kf1 Rd2 49. e6 g3 50. Rf7+ Ke3 51. e7 1-0

[Event "Wch U20 49th"]
[Site "Chotowa"]
[Date "2010.08.13"]
[Round "10"]
[White "Drnovsek, Nejc"]
[Black "Lis, Marek"]
[Result "1/2-1/2"]
[WhiteElo "2173"]
[BlackElo "2072"]
[PlyCount "61"]
[EventDate "2010.08.03"]
[EventType "swiss"]
[EventRounds "13"]
[EventCountry "POL"]
[SourceTitle "CBM 137 Extra"]
[Source "ChessBase"]
[SourceDate "2010.09.01"]
[SourceVersion "1"]
[SourceVersionDate "2010.09.01"]
[SourceQuality "1"]

1. d4 d6 2. Nf3 Nd7 3. c4 e5 4. Nc3 Ngf6 5. g3 exd4 6. Nxd4 g6 7. Bg2 Bg7 8. 0-0 0-0 9. h3 a5 10. Ndb5 Nc5 11. Be3 Ne6 12. Qd2 Rb8 13. Rad1 b6 14. Na7 Bb7 15. Nc6 Bxc6 16. Bxc6 Nd7 17. b3 Kh8 18. Bh6 Bxh6 19. Qxh6 f5 20. Bd5 Qf6 21. Qe3 Ndc5 22. f4 Ng7 23. Bc6 Nh5 24. Kg2 Rf7 25. Qd4 Re7 26. Kf3 Qxd4 27. Rxd4 Nf6 28. Nd5 Nxd5 29. Rxd5 Rf8 30. Rfd1 Rf6 31. e3 1/2-1/2

[Event "Wch U20 49th"]
[Site "Chotowa"]
[Date "2010.08.11"]
[Round "8"]
[White "Arun, Karthik R"]
[Black "Lis, Marek"]
[Result "1-0"]
[WhiteElo "2289"]
[BlackElo "2072"]
[PlyCount "72"]
[EventDate "2010.08.03"]
[EventType "swiss"]
[EventRounds "13"]
[EventCountry "POL"]
[SourceTitle "CBM 137 Extra"]
[Source "ChessBase"]
[SourceDate "2010.09.01"]
[SourceVersion "1"]
[SourceVersionDate "2010.09.01"]
[SourceQuality "1"]

1. e4 c5 2. Nf3 Nc6 3. d4 cxd4 4. Nxd4 d5 5. Bb5 dxe4 6. Nxc6 Qxd1+ 7. Kxd1 a6 8. Ba4 Bd7 9. Nc3 Bxc6 10. Bxc6+ bxc6 11. Nxe4 e5 12. Ke2 f5 13. Ng5 Be7 14. Re1 h6 15. Nf3 e4 16. Nd4 g6 17. Nxc6 Bf6 18. c3 Kd7 19. Nb4 Ne7 20. Bf4 g5 21. Rad1+ Ke6 22. Bd6 a5 23. Bxe7 axb4 24. Bxb4 Rxa2 25. Rd6+ Ke5 26. Rd2 Rd8 27. Ba3 Rxd2+ 28. Kxd2 Kd5 29. Kc2 Kc4 30. Bb4 h5 31. f3 exf3 32. gxf3 g4 33. fxg4 fxg4 34. Re6 Bg7 35. Rg6 Be5 36. Rg5 Kd5 1-0